00949nas a2200253 a 4500008004100000022007200041040002800113042001600141043001200157050001900169222002300188245002300211246001600234260002200250300003900272310001500311362003800326362004800364500004700412650003000459650002900489651006400518710011300582790131d19672016fr qr p fre  a1293-8882 l 1293-8882 y 0040-7356 y 0035-4309 y 040--7356 2 z  aEG-GiCUCbengcEG-GiCUC apcc a nsdp ad------ aHC59.7 b .T53 0aRevue Tiers monde 00aRevue tiers-monde.3 aTiers monde aParis b A. Colin avolumes b illustrations c 24 cm  aQuarterly 0 at. 8- (no 29- ); janv./mars 1967-1 aCeased with no 228 (oct./de{u00B4}c. 2016). aSome issues also have a distinctive title. 7aEconomic history. 2 fast 7aSocial sciences. 2 fast 0aDeveloping countries x Economic conditions v Periodicals.2 aUniversite{u00B4} de Paris. b Institut d'e{u00B4}tude du de{u00B4}veloppement e{u00B4}conomique et social.